000 00794nam a2200253Ia 4500
003 OSt
005 20221005083929.0
006 a|||||r|||| 00| 0
007 ta
008 221004b |||||||| |||| 00| 0 eng d
020 _a9780300108927 (hbk)
_c5336.30
024 _a18525
037 _b12160, 19/03/2015, Elite Publishers Distributors
_cTextual
040 _aCRL
_cCRL
_beng
041 _2eng
_aeng
082 _aY5:44.63, P5
100 _aSeekings Jeremy
_9143599
245 0 _aClass, race, and inequality in South Africa
260 _aNew Haven
_bYale University Press
_c2005
300 _ax,446p.
_ccm.
650 _aSOCIOLOGY
942 _hY5:44.63, P5
_cTEXL
_2cc
999 _c991774
_d991774